[Event "Yuzhny op"]
[Site "Yuzhny"]
[Date "2010.09.09"]
[Round "4"]
[White "Alexandrov, Valery"]
[Black "Ivanenko, Olga I"]
[Result "1-0"]
[WhiteElo "2184"]
[BlackElo "2103"]
[PlyCount "97"]
[EventDate "2010.09.07"]
[EventType "swiss"]
[EventRounds "9"]
[EventCountry "UKR"]
[SourceTitle "CBM 138 Extra"]
[Source "ChessBase"]
[SourceDate "2010.10.29"]
[SourceVersion "1"]
[SourceVersionDate "2010.10.29"]
[SourceQuality "1"]

1. d4 Nf6 2. Bg5 Ne4 3. Bf4 c5 4. f3 Qa5+ 5. c3 Nf6 6. dxc5 Qxc5 7. e4 e6 8. Nd2 d5 9. Bd3 Be7 10. Qc2 dxe4 11. Nxe4 Nxe4 12. Bxe4 f5 13. Bd3 e5 14. Bg3 0-0 15. Ne2 Be6 16. Bf2 Qc8 17. 0-0 Nd7 18. Ng3 Nc5 19. Be2 Qe8 20. Rfe1 Qf7 21. Bf1 e4 22. b4 e3 23. Bxe3 f4 24. Bxc5 Bxc5+ 25. bxc5 fxg3 26. hxg3 Rac8 27. Re5 Bd5 28. c4 Bc6 29. Rae1 Rce8 30. Bd3 g6 31. R1e3 Rxe5 32. Rxe5 Qf6 33. f4 Qd8 34. Bxg6 Qd4+ 35. Kh2 Rxf4 36. Bxh7+ Kh8 37. Re2 Rf6 38. Bf5 Qxc5 39. Bh3 Rf1 40. Qc3+ Kh7 41. Qd3+ Kg7 42. Re7+ Qxe7 43. Qxf1 Qe4 44. Qf4 Qe2 45. Qg4+ Qxg4 46. Bxg4 Kg6 47. Bf3 Bd7 48. Bxb7 Kg5 49. c5 1-0

[Event "Yuzhny op"]
[Site "Yuzhny"]
[Date "2010.09.07"]
[Round "1"]
[White "Plaksin, Valeriy"]
[Black "Alexandrov, Valery"]
[Result "1-0"]
[WhiteElo "2220"]
[BlackElo "2184"]
[PlyCount "131"]
[EventDate "2010.09.07"]
[EventType "swiss"]
[EventRounds "9"]
[EventCountry "UKR"]
[SourceTitle "CBM 138 Extra"]
[Source "ChessBase"]
[SourceDate "2010.10.29"]
[SourceVersion "1"]
[SourceVersionDate "2010.10.29"]
[SourceQuality "1"]

1. Nf3 Nf6 2. c4 c6 3. Nc3 d5 4. d4 e6 5. e3 a6 6. Bd3 b5 7. b3 Bb4 8. Bd2 Be7 9. Ne5 Bb7 10. c5 Qc7 11. f4 Nbd7 12. 0-0 g6 13. Be1 Ng8 14. Bg3 f5 15. Qe1 Bf6 16. Bh4 Qd8 17. Nf3 Bxh4 18. Nxh4 Ngf6 19. Nf3 Qe7 20. h3 0-0 21. Qh4 Rfe8 22. g4 Ne4 23. Qe1 Nxc3 24. Qxc3 Nf6 25. Ne5 Nd7 26. Nf3 Nf6 27. g5 Nd7 28. a4 Rec8 29. Rf2 Qf8 30. Rfa2 Qd8 31. Kh2 Qf8 32. axb5 axb5 33. Ra7 Rab8 34. Kg3 Qd8 35. h4 Kg7 36. h5 Qc7 37. Qe1 Ra8 38. Qh1 Rh8 39. Rxa8 Bxa8 40. Ra2 Bb7 41. hxg6 hxg6 42. Rh2 Qd8 43. Rh6 Qe8 44. Nh4 Rxh6 45. gxh6+ Kh7 46. Nf3 Nf6 47. Ng5+ Kh8 48. Qa1 Bc8 49. Qa7 Bd7 50. Qc7 Kg8 51. Be2 Ne4+ 52. Kg2 Nxg5 53. fxg5 Qe7 54. Qf4 Kh7 55. Kg3 Qd8 56. Kf2 Qe7 57. Qe5 Bc8 58. Kf3 Bb7 59. Kf4 Bc8 60. Qd6 Qe8 61. Qc7+ Bd7 62. Bxb5 e5+ 63. dxe5 Qe6 64. Ba6 Qe8 65. Bb7 Qf7 66. Bxc6 1-0

[Event "Nizhnij Novgorod Region-ch"]
[Site "Nizhnij Novgorod"]
[Date "2007.10.??"]
[Round "?"]
[White "Alexandrov, Valery"]
[Black "Kruchinin, Anatoly V"]
[Result "1-0"]
[WhiteElo "2170"]
[BlackElo "1863"]
[PlyCount "99"]
[EventDate "2007.10.??"]
[EventType "swiss"]
[EventRounds "9"]
[EventCountry "RUS"]
[SourceTitle "EXT 2009"]
[Source "ChessBase"]
[SourceDate "2008.11.26"]
[SourceVersion "1"]
[SourceVersionDate "2008.11.26"]
[SourceQuality "1"]

1. e4 Nc6 2. Nf3 d6 3. d4 Bd7 4. c4 e6 5. Nc3 Be7 6. Bd3 h5 7. 0-0 g5 8. d5 Ne5 9. Nxe5 dxe5 10. Be3 b6 11. Be2 g4 12. Qd2 f5 13. dxe6 Bxe6 14. Qxd8+ Rxd8 15. exf5 Bxf5 16. Nb5 Bd6 17. Nxa7 Bd7 18. Rfd1 Ke7 19. a4 Nf6 20. a5 bxa5 21. c5 a4 22. Nb5 Bxb5 23. Bxb5 Rb8 24. Bxa4 Rxb2 25. cxd6+ cxd6 26. Bg5 Rd8 27. Bc6 Ke6 28. Bd5+ Kf5 29. Bxf6 Kxf6 30. Ra3 Rdb8 31. Be4 R8b6 32. Rad3 Ke7 33. Bg6 h4 34. Bf5 R2b4 35. h3 gxh3 36. Bxh3 Rf4 37. Kf1 Rf6 38. R1d2 Rb4 39. Rc3 Rb7 40. Rc4 Rh6 41. Ke2 Ra7 42. f4 exf4 43. Rxf4 Ra5 44. Re4+ Re5 45. Rxe5+ dxe5 46. Rd7+ Ke8 47. Rd5 Rh5 48. Kf3 Ke7 49. Kg4 Rh8 50. Rxe5+ 1-0

[Event "Nizhnij Novgorod Region-ch"]
[Site "Nizhnij Novgorod"]
[Date "2007.10.??"]
[Round "?"]
[White "Alexandrov, Valery"]
[Black "Marsak, Viktor D"]
[Result "1-0"]
[WhiteElo "2170"]
[BlackElo "2085"]
[PlyCount "107"]
[EventDate "2007.10.??"]
[EventType "swiss"]
[EventRounds "9"]
[EventCountry "RUS"]
[SourceTitle "EXT 2009"]
[Source "ChessBase"]
[SourceDate "2008.11.26"]
[SourceVersion "1"]
[SourceVersionDate "2008.11.26"]
[SourceQuality "1"]

1. e4 c5 2. f4 g6 3. Nf3 Bg7 4. Nc3 Nc6 5. Bc4 e6 6. 0-0 Nge7 7. d3 d5 8. Bb3 0-0 9. Qe1 Nd4 10. Nxd4 cxd4 11. Nd1 dxe4 12. dxe4 Nc6 13. Nf2 Na5 14. Nd3 Nxb3 15. axb3 Qc7 16. Qe2 Bd7 17. Bd2 Bb5 18. Rac1 f5 19. Bb4 Rfe8 20. e5 Bf8 21. Be1 Rac8 22. Bf2 Red8 23. Rfd1 Bh6 24. Bh4 Rd7 25. Qf2 Qb6 26. h3 Bc6 27. Bg5 Bf8 28. Kh2 Be4 29. Qe2 Qb5 30. Rd2 Rdc7 31. h4 h5 32. Qd1 Qd5 33. Qg1 b6 34. Qf2 a5 35. Qg3 Kf7 36. Bf6 Bh6 37. Qf2 Rd7 38. Ne1 Bf8 39. Rcd1 Bc5 40. Qg3 b5 41. Nf3 Bxf3 42. gxf3 a4 43. bxa4 bxa4 44. Rg2 Rg8 45. Qg5 Bf8 46. Rd3 Rb7 47. Rgd2 a3 48. bxa3 Rb1 49. Bd8 Bc5 50. Rxd4 Rh1+ 51. Kxh1 Qxf3+ 52. Qg2 Qe3 53. Rd7+ Ke8 54. Bf6 1-0

[Event "Nizhnij Novgorod Region-ch"]
[Site "Nizhnij Novgorod"]
[Date "2007.10.??"]
[Round "?"]
[White "Alexandrov, Valery"]
[Black "Zakharov, Aleksej"]
[Result "1-0"]
[WhiteElo "2170"]
[BlackElo "2304"]
[PlyCount "41"]
[EventDate "2007.10.??"]
[EventType "swiss"]
[EventRounds "9"]
[EventCountry "RUS"]
[SourceTitle "EXT 2009"]
[Source "ChessBase"]
[SourceDate "2008.11.26"]
[SourceVersion "1"]
[SourceVersionDate "2008.11.26"]
[SourceQuality "1"]

1. e4 c5 2. f4 Nc6 3. Nf3 e6 4. Nc3 Nge7 5. d4 cxd4 6. Nxd4 Nxd4 7. Qxd4 Nc6 8. Qf2 d5 9. Bd3 d4 10. Nb1 Be7 11. 0-0 0-0 12. Nd2 b6 13. a3 a5 14. Qe2 f5 15. Nf3 Kh8 16. Bd2 Bb7 17. Rae1 g6 18. Bc4 Re8 19. Kh1 Bf6 20. e5 Bg7 21. Rd1 1-0

[Event "Nizhnij Novgorod Region-ch"]
[Site "Nizhnij Novgorod"]
[Date "2007.10.??"]
[Round "?"]
[White "Shabrina, Tatiana"]
[Black "Alexandrov, Valery"]
[Result "0-1"]
[WhiteElo "1892"]
[BlackElo "2170"]
[PlyCount "56"]
[EventDate "2007.10.??"]
[EventType "swiss"]
[EventRounds "9"]
[EventCountry "RUS"]
[SourceTitle "EXT 2009"]
[Source "ChessBase"]
[SourceDate "2008.11.26"]
[SourceVersion "1"]
[SourceVersionDate "2008.11.26"]
[SourceQuality "1"]

1. e4 e6 2. d4 d5 3. Nc3 Bb4 4. e5 c5 5. Bd2 Ne7 6. Nb5 Bxd2+ 7. Qxd2 0-0 8. c3 cxd4 9. cxd4 Nbc6 10. 0-0-0 a6 11. Nd6 Nf5 12. Nxf5 exf5 13. f4 Qb6 14. Nf3 Bd7 15. Kb1 Rac8 16. Be2 Nb4 17. Rc1 Qa5 18. a3 Nc6 19. Qe3 Be6 20. h3 Ne7 21. Nd2 Qa4 22. g4 Rxc1+ 23. Rxc1 Rc8 24. Rg1 g6 25. Qd3 a5 26. h4 fxg4 27. Bxg4 Bxg4 28. Rxg4 Qd1+ 0-1

[Event "Kurass Memorial op 08th"]
[Site "Kiev"]
[Date "2007.06.23"]
[Round "5"]
[White "Mezheritsky, Yuri"]
[Black "Alexandrov, Valery"]
[Result "1-0"]
[WhiteElo "2130"]
[BlackElo "2170"]
[PlyCount "119"]
[EventDate "2007.06.19"]
[EventType "swiss"]
[EventRounds "9"]
[EventCountry "UKR"]
[SourceTitle "EXT 2009"]
[Source "ChessBase"]
[SourceDate "2008.11.26"]
[SourceVersion "1"]
[SourceVersionDate "2008.11.26"]
[SourceQuality "1"]

1. c4 Nf6 2. Nc3 e6 3. a3 d5 4. e3 c5 5. d4 cxd4 6. exd4 Nc6 7. Nf3 a5 8. Bg5 Be7 9. Be2 0-0 10. 0-0 dxc4 11. Bxc4 Nd5 12. Bxe7 Ncxe7 13. Rc1 b6 14. Ba2 Bb7 15. Ne2 Qd6 16. Qd2 Rfd8 17. Ne5 b5 18. Bb1 Nf6 19. Rfd1 Nc6 20. Nxc6 Bxc6 21. Qf4 Qxf4 22. Nxf4 Rac8 23. f3 Kf8 24. Kf2 Ke7 25. h4 g6 26. g4 Nd5 27. Nd3 Nb6 28. Ne5 Be8 29. Rxc8 Rxc8 30. g5 Na4 31. Rd2 Rc1 32. Be4 Kd6 33. f4 Nb6 34. Rc2 Rxc2+ 35. Bxc2 Kd5 36. Ke3 Nc4+ 37. Nxc4 bxc4 38. Be4+ Kd6 39. Kd2 Bb5 40. Kc3 Ba6 41. Bf3 Bb5 42. h5 Ba6 43. h6 Bb5 44. Be2 Kd5 45. b3 Ke4 46. a4 Ba6 47. Bxc4 Bb7 48. Bb5 Kxf4 49. Be8 Kxg5 50. Bxf7 Kxh6 51. Bxe6 Kg7 52. d5 h5 53. b4 axb4+ 54. Kxb4 Ba6 55. Kc5 Kf6 56. a5 g5 57. Bd7 g4 58. Kb6 Bc4 59. d6 g3 60. Bc6 1-0